Decision support systems and intelligent systems / (Record no. 47380)

MARC details
000 -LEADER
fixed length control field 00629nam a22001817a 4500
008 - FIXED-LENGTH DATA ELEMENTS--GENERAL INFORMATION
fixed length control field 161121b xxu||||| |||| 00| 0 eng d
020 ## - INTERNATIONAL STANDARD BOOK NUMBER
International Standard Book Number 9780130461063
050 ## - LIBRARY OF CONGRESS CALL NUMBER
Classification number HD30.2
Item number .T87 2005
100 ## - MAIN ENTRY--PERSONAL NAME
Personal name Turban, Efraim.
245 ## - TITLE STATEMENT
Title Decision support systems and intelligent systems /
Statement of responsibility, etc Efraim Turban, Jay E. Aronson with contributions by Narasimha Bolloju.
250 ## - EDITION STATEMENT
Edition statement 7th ed.
260 ## - PUBLICATION, DISTRIBUTION, ETC. (IMPRINT)
Place of publication, distribution, etc Upper Saddle River, NJ :
Name of publisher, distributor, etc Prentice Hall,
Date of publication, distribution, etc c2001.
300 ## - PHYSICAL DESCRIPTION
Extent xxiv,936p.
Dimensions 26p.
650 ## - SUBJECT ADDED ENTRY--TOPICAL TERM
Topical term or geographic name as entry element Management--Data processing.
650 ## - SUBJECT ADDED ENTRY--TOPICAL TERM
Topical term or geographic name as entry element Decision support systems.
650 ## - SUBJECT ADDED ENTRY--TOPICAL TERM
Topical term or geographic name as entry element Expert systems (Computer science)
942 ## - ADDED ENTRY ELEMENTS (KOHA)
Source of classification or shelving scheme Library of Congress Classification
Item type Book
Holdings
Withdrawn status Lost status Source of classification or shelving scheme Damaged status Not for loan Collection code Home library Current library Shelving location Date acquired Source of acquisition Cost, normal purchase price Full call number Barcode Copy number Price effective from Koha item type
    Library of Congress Classification     Non-fiction Nairobi Campus Nairobi Campus General Circulation 21/11/2016 Donation 500.00 HD30.2 .T87 2005 048593 1 21/11/2016 Book